书目信息 |
| 题名: |
中国古代历史人物论集
|
|
| 作者: | ;东北师大学报编辑部 著 | |
| 分册: | ||
| 出版信息: | 沈阳 东北师范大学出版社 1980.9 |
|
| 页数: | 233页 | |
| 开本: | 20cm | |
| 丛书名: | 东北师大社会科学丛书 | |
| 单 册: | ||
| 中图分类: | K03 | |
| 科图分类: | ||
| 主题词: | 史学--专题研究 | |
| 电子资源: | ||
| ISBN: | ||
| 000 | 00591nam0 2200193 45 | |
| 001 | 0312221749 | |
| 005 | 20060816153232.90 | |
| 010 | @dCNY0.76 | |
| 100 | @a20031222d1980 km y0chiy0120 ea | |
| 101 | @achi | |
| 200 | 1 | @a中国古代历史人物论集@AZhong Guo Gu Dai Li Shi Ren Wu Lun Ji@f东北师大学报编辑部著@FDong Bei Shi Da Xue Bao Bian Ji Bu Zhu |
| 210 | @a沈阳@c东北师范大学出版社@d1980.9 | |
| 215 | @a233页@d20cm | |
| 225 | 2 | @a东北师大社会科学丛书@h第三辑 |
| 606 | 0 | @a史学@x专题研究 |
| 690 | @aK03@v3 | |
| 711 | 02 | @a东北师大学报编辑部@4著 |
| 801 | @aCN@bTSTCL@c20060816 | |
| 905 | @dK03@e20:3 | |
| 中国古代历史人物论集/东北师大学报编辑部著.-沈阳:东北师范大学出版社,1980.9 |
| 233页;20cm.-(东北师大社会科学丛书.第三辑) |
| ISBN :CNY0.76 |
| ● |
| 相关链接 |
|
|
|
|
正题名:中国古代历史人物论集
索取号:K03/20:3
 
预约/预借
| 序号 | 登录号 | 条形码 | 馆藏地/架位号 | 状态 | 备注 |
| 1 | 0107755 | 001419575 | 密集书库/ [索取号:K03/20:3] | 在馆 | |
| 2 | 0107756 | 001419600 | 第二样本阅览室/ [索取号:K03/20:3] | 在馆 | |
| 3 | 0217579 | 001419637 | 密集书库/ [索取号:K03/20:3] | 在馆 | |
| 4 | 0436023 | 204360235 | 密集书库/ [索取号:K03/20:3] | 在馆 | |
| 5 | 0464987 | 204649871 | 密集书库/ [索取号:K03/20:3] | 在馆 |